Cartas boca arriba (Record no. 188663)

MARC details
000 -LEADER
campo de control de longitud fija 01088nam a2200289 i 4500
001 - NÚMERO DE CONTROL
campo de control 188663
003 - IDENTIFICADOR DE NÚMERO DE CONTROL
campo de control ES-MaACL
005 - FECHA Y HORA DE LA ÚLTIMA TRANSACCIÓN
campo de control 20231223103719.0
008 - DATOS DE LONGITUD FIJA--INFORMACIÓN GENERAL
campo de control de longitud fija 190117s2016 sp |||| |dspa d
020 ## - NÚMERO INTERNACIONAL ESTÁNDAR DEL LIBRO
Número Internacional Estándar del Libro 978-84-16950-04-1
080 ## - NÚMERO DE LA CLASIFICACIÓN DECIMAL UNIVERSAL
Número de la Clasificación Decimal Universal 929 Buero Vallejo, Antonio
080 ## - NÚMERO DE LA CLASIFICACIÓN DECIMAL UNIVERSAL
Número de la Clasificación Decimal Universal 929 Soto, Vicente
100 1# - ENTRADA PRINCIPAL--NOMBRE DE PERSONA
Nombre de persona Buero Vallejo, Antonio,
Fechas asociadas al nombre 1916-2000
9 (RLIN) 32421
245 10 - MENCIÓN DEL TÍTULO
Título Cartas boca arriba
Resto del título : correspondencia (1954-2000) /
Mención de responsabilidad, etc. Antonio Buero Vallejo y Vicente Soto ; edición de Domingo Ródenas de Moya.
260 ## - PUBLICACIÓN, DISTRIBUCIÓN, ETC.
Lugar de publicación, distribución, etc. [Madrid] :
Nombre del editor, distribuidor, etc. Fundación Banco Santander,
Fecha de publicación, distribución, etc. [2016]
300 ## - DESCRIPCIÓN FÍSICA
Extensión XXXIV, 526 p. ;
Dimensiones 24 cm.
490 1# - MENCIÓN DE SERIE
Mención de serie Colección obra fundamental
504 ## - NOTA DE BIBLIOGRAFÍA, ETC.
Nota de bibliografía, etc. Bibliografía: p. [XXVI]-XXXIV.
600 17 - PUNTO DE ACCESO ADICIONAL DE MATERIA--NOMBRE DE PERSONA
Nombre de persona Buero Vallejo, Antonio, 1916-2000-
Subdivisión de forma Correspondencia
9 (RLIN) 165999
600 17 - PUNTO DE ACCESO ADICIONAL DE MATERIA--NOMBRE DE PERSONA
Nombre de persona Soto, Vicente.
9 (RLIN) 107503
700 1# - ENTRADA AGREGADA--NOMBRE PERSONAL
Nombre de persona Ródenas de Moya, Domingo.
9 (RLIN) 98116
700 12 - ENTRADA AGREGADA--NOMBRE PERSONAL
Nombre de persona Soto, Vicente.
9 (RLIN) 107503
830 0# - PUNTO DE ACCESO ADICIONAL DE SERIE-TÍTULO UNIFORME
Título uniforme Colección obra fundamental
9 (RLIN) 180326
852 ## - LOCALIZACIÓN
Ubicación ES-MaACL
Número de control de estantería A-14305
itemnumber 195794
Sublocalización o colección R.151578
Ubicación en estantería Depósito 1
Signatura antigua Olim: N-7305
942 ## - ELEMENTOS DE ENTRADA SECUNDARIOS (KOHA)
Fuente del sistema de clasificación o colocación Clasificación decimal universal
Tipo de ítem Koha Libro impreso
Holdings
Estatus retirado Estado de pérdida Fuente del sistema de clasificación o colocación Estado de daño No para préstamo Biblioteca de origen Biblioteca actual Ubicación en estantería Fecha de adquisición Fuente de adquisición Total de préstamos Signatura topográfica completa Código de barras Visto por última vez Precio de reemplazo Tipo de ítem Koha
    Clasificación decimal universal     Biblioteca del Ateneo de Madrid Biblioteca del Ateneo de Madrid Depósito 1 17/01/2019 Donación   A-14305 1199661 23/02/2023 23/02/2023 Libro impreso